Biggest cities in the Southern California megalopolis - Statistics

General Stats
  • This quiz has been taken 33 times
  • The average score is 27 of 47
Answers on the Map
Answers color-coded by a green-red scale on the quiz's map according to % correct below.
 
Answer Stats
Pop. County City % Correct
3.90 M Los Angeles Los Angeles
100%
1.39 M San Diego San Diego
100%
1.81 M Tijuana Tijuana
100%
315 K Riverside Riverside
88%
347 K Orange Anaheim
84%
467 K Los Angeles Long Beach
84%
140 K Orange Orange
84%
310 K Orange Santa Ana
81%
222 K San Bernardino San Bernardino
78%
139 K Los Angeles Pasadena
75%
202 K Ventura Oxnard
72%
275 K San Diego Chula Vista
69%
308 K Orange Irvine
69%
229 K Los Angeles Santa Clarita
69%
111 K Ventura Ventura
69%
175 K San Bernardino Ontario
63%
199 K Orange Huntington Beach
59%
107 K Los Angeles Burbank
56%
197 K Los Angeles Glendale
56%
174 K Los Angeles Lancaster
56%
169 K Los Angeles Palmdale
56%
147 K Los Angeles Torrance
56%
115 K San Diego Carlsbad
53%
157 K Riverside Corona
53%
135 K San Bernardino Victorville
53%
110 K Los Angeles West Covina
53%
174 K San Diego Oceanside
50%
126 K Ventura Simi Valley
50%
172 K Orange Garden Grove
47%
108 K Los Angeles Inglewood
47%
152 K Los Angeles Pomona
47%
127 K Ventura Thousand Oaks
47%
174 K San Bernardino Rancho Cucamonga
44%
209 K Riverside Moreno Valley
41%
110 K Riverside Temecula
41%
112 K Orange Costa Mesa
38%
106 K San Diego El Cajon
38%
208 K San Bernardino Fontana
38%
144 K Orange Fullerton
38%
111 K Riverside Murrieta
38%
114 K Los Angeles Downey
34%
151 K San Diego Escondido
34%
103 K Los Angeles Norwalk
34%
109 K Los Angeles El Monte
31%
105 K Riverside Jurupa Valley
31%
104 K San Bernardino Rialto
31%
103 K Riverside Menifee
25%
No matching quizzes found
Score Distribution
Percent of People with Each Score
Percentile by Number Answered
Your Score History
You have not taken this quiz